Quizzes
Events
Quiz Creation
Community
Videos
Private Events
Remove Ads
Sign In
Join for FREE
Feedback
Dark Mode
Quiz Categories
Sports
Geography
Music
Movies
Television
Just For Fun
Miscellaneous
History
Literature
Language
Science
Gaming
Entertainment
Religion
Holiday
For Kids
Quiz Lab
Recent
Popular Today
Quiz Kudos Today
Editor Picks
Curator Picks
Quizzes by...
Day
Popularity
Type
Ratings
Length
Year
Community
Subscriptions
Recent Discussions
Orange Saloon
Badges
Playlists
Quests
Create
Leaderboards
Showdown
Live 5
Trivia Bingo
Activity
Puzzle Library
Sporcle Events
Private Events
Virtual Trivia
Globe League
Become a Host
Pub Owners
SporcleCon
Opinionation
Our Games
Videos
Blog
Mobile Apps
Partnerships
Remove Ads and Go Orange
Feedback
Geography
Country
Landmarks
City
State
Population
World
Capital
Continent
Flags
Europe
Africa
Asia
South America
North America
Oceania
Border
Canada
United Kingdom
Topography
United States
Geography
Country
Landmarks
City
State
Population
World
Capital
Continent
Flags
Europe
Africa
Asia
South America
North America
Oceania
Border
Canada
United Kingdom
Topography
United States
Random Quiz
Search Sporcle
×
Quiz Lab
Quiz Lab
Geography
Proper Names
Select answers by clicking on text or image buttons
Select answers by clicking on text or image buttons
Clickable
Best Score? Go Orange.
Skyscrapers in Downtown Cleveland Correct Names Stats
Can you pick the Skyscrapers in Downtown Cleveland?
By
tallonator
15m
54 Questions
19 Plays
19 Plays
19 Plays
Comments
Comments
Give Quiz Kudos
Give Quiz Kudos
-
- Ratings
hide this ad
Replay
Link that replays current quiz
Next Quiz
Link to next quiz in quiz playlist
You Got
0%
They Got
Avg Score
53%
Avg Friend Score
Upgrade to see
Score Distribution
Jump to the score distribution portion of the page
Score
0/54
Timer
15:00
0
Plays Today
% Correct
The Beacon
100%
Cleveland Downtown Hilton Hotel
100%
Key Tower
84.2%
The Lumen
75%
Terminal Tower
73.7%
One Cleveland Center
73.7%
Frank J. Lausche State Office Building
73.7%
Justice Center Courts Tower
68.4%
National City Bank Building
68.4%
Anthony J. Celebreeze Federal Building
68.4%
The Pinnacle
68.4%
Keith Building
63.2%
Huntington Building
63.2%
55 Public Square
63.2%
Tower at Erieview
63.2%
Rhodes Tower
63.2%
Fifth Third Bank Center
63.2%
Federal Reserve Bank of Cleveland
63.2%
North Point Tower
63.2%
The Standard Building
63.2%
The Rockefeller
63.2%
The Marriott at Key
63.2%
Crowne Plaza Cleveland
63.2%
Higbee Building
57.9%
Carl B. Stokes Federal Courthouse
57.9%
PNC Center
57.9%
AT&T Huron Road Building
57.9%
% Correct
Ernst & Young Tower
57.9%
East Ohio Building
57.9%
The Chesterfield
57.9%
Eaton Centre
52.6%
US Bank Centre
52.6%
Ohio Savings Plaza
52.6%
Diamond Building
52.6%
Reserve Square Apartments
52.6%
Fenn Tower
52.6%
AT&T Lakeside
52.6%
Westin Plaza City Centre
52.6%
The City Club
52.6%
One Progressive Plaza
50%
AT Tower
47.4%
Penton Media Building
47.4%
Hanna Building
47.4%
Schofield Kimpton Hotel
47.4%
IMG Center
47.4%
The Leader
47.4%
Statler Hotel
47.4%
Skylight Office Tower
47.4%
Key Bank Centre
42.1%
The Superior
42.1%
Parkview
42.1%
Medical Arts Building
36.8%
Union Commerce Building
36.8%
The Guardian
36.8%
Quiz Playlist
Details
Report
Send in Message
Add To Playlist
Clickable:
Select answers by clicking on text or image buttons
Quiz Source
Last Updated: Jan 16, 2020
Quiz Scoreboard
CHALLENGE
Sign Up to Join the Scoreboard
Show All
Scores
Hide
Comments
May contain spoilers
Recently Published
Movies - When Are They Set?
by FPL_Elf
Movies
5m
Popular People in 1961
by mucciniale
History
6m
1-10 Letter E Words III
by El_Dandy
Language
2m
More to Explore
Quiz From the Vault
Featured Blog Post
Where Did the Easter Bunny Come From?
hide this ad
You Might Also Like...
Tags
Building
Cleveland
Largest City
Largest Counties
location
ohio
Proper Names
Skyline
Skyscraper
Tallest Buildings
Today's Top Quizzes in Geography
Browse Geography
hide this ad
Top Contributed Quizzes in Geography
1
Countries of the World - No Outlines Minefield
2
Top 25 Cities of France on a map
3
Closest Countries to UK A-Z
4
One Thing in Common: United Kingdom
5
Blind Secret Country CLXXXVIII
6
Blind Ultimate Minefield: USA
7
African Flag Reveal XLV
8
Find the US States - No Outlines
9
One Thing in Common: Asia
10
Find the Provinces of Canada - No Outlines Minefield
Explore More
Trending Topics
NBA
Anime
Kpop
Crossword
Disney
Harry Potter
Marvel
Pokémon
NFL
Country
The Office
Soccer
Song
WWE
Puzzle
hide this ad
More By:
tallonator
Quiz
Plays
Rating
Category
Featured
Created
20 Largest 'S' US Metro Areas
71,988
4.31
Geography
Jan 1, 2013
Cars Available in 1920
22,338
4.55
History
Mar 31, 2015
World's Fairs
19,731
4.33
History
Nov 1, 2011
Star Wars Line Assignments
16,006
4.51
Movies
Sep 10, 2017
Steven Spielberg Best Director Golden Globe Wins & Noms
4,607
4.43
Movies
Sep 2, 2017
Go to Creator's Profile
Score Distribution
Quiz Creator Spotlight
tallonator
Follow
Send a Message
Quizzes Created
-
Created Quiz Play Count
-
More By This Creator
Popular Quizzes Today
1
Find the Countries of Europe - No Outlines Minefield
2
Find the US States - No Outlines Minefield
3
The Countries of the World
4
Popular People in 1961
5
1-10 Letter E Words III
6
US States
7
Find the US States
8
One Thing in Common: World Cities II
More Geography Quizzes
Flag Color Click - Cambodia
Quiz Lab
Trending Quizzes
Risky Map Clicking: Least Populous States A-Z
Humor Books: The Subtitles
1-10 Letter F Words
1-10 Letter G Words
One Thing in Common: United Kingdom
Recently Updated
Leaping Animals
pecheneg
Reality TV Shows (A-Z)
bhenderson79
Rickey Henderson's Hall of Fame Teammates
pecheneg
Champions League XIs: Arsenal
pecheneg
Quick Pick: Celebrities in WWE's Hall of Fame
aduchscher
A-Z Keypad Blitz II
pecheneg
Multiple Oscar Actors
pecheneg
Mystery Phrase Blitz: Oscar 'Best Actors'
pecheneg
F. Scott Fitzgerald Novels
LTH
Pick 3 Villains
ddd62291
Trending Topics
Anime
Disney
Kpop
NBA
Crossword
Marvel
Harry Potter
NFL
The Office
Song
Country
Soccer
WWE
Pokémon
Puzzle
Your Account Isn't Verified!
In order to create a playlist on Sporcle, you need to verify the email address you used during registration. Go to your
Sporcle Settings
to finish the process.
Report this User
Report this user for behavior that violates our
Community Guidelines
.
Details:
Send Report
Go to the Sporcle.com Mobile Site →
Comments